<?xml version="1.0" encoding="UTF-8"?>
<record
    xmlns:xsi="http://www.w3.org/2001/XMLSchema-instance"
    xsi:schemaLocation="http://www.loc.gov/MARC21/slim http://www.loc.gov/standards/marcxml/schema/MARC21slim.xsd"
    xmlns="http://www.loc.gov/MARC21/slim">

  <leader>00614nam a2200169   4500</leader>
  <controlfield tag="001">2661</controlfield>
  <datafield tag="090" ind1=" " ind2=" ">
    <subfield code="a">2661</subfield>
  </datafield>
  <datafield tag="100" ind1=" " ind2=" ">
    <subfield code="a">20190723b u||y0fre||u0ba y50</subfield>
  </datafield>
  <datafield tag="101" ind1=" " ind2=" ">
    <subfield code="a">eng</subfield>
  </datafield>
  <datafield tag="200" ind1=" " ind2=" ">
    <subfield code="a">The Review of Radical Political Economics </subfield>
    <subfield code="b">P&#xE9;riodique</subfield>
    <subfield code="e">The Political Economy of Women </subfield>
    <subfield code="f">Union for Radical Political Economics (URPE)</subfield>
  </datafield>
  <datafield tag="210" ind1=" " ind2=" ">
    <subfield code="a">Etats-Unis</subfield>
    <subfield code="b">Ithaca, N.Y.</subfield>
    <subfield code="c">Union for Radical Political Economics (URPE)</subfield>
  </datafield>
  <datafield tag="606" ind1=" " ind2=" ">
    <subfield code="a">F&#xE9;minisme</subfield>
    <subfield code="9">429</subfield>
  </datafield>
  <datafield tag="606" ind1=" " ind2=" ">
    <subfield code="9">146</subfield>
    <subfield code="a">Syndicalisme</subfield>
  </datafield>
  <datafield tag="607" ind1=" " ind2=" ">
    <subfield code="9">1006</subfield>
    <subfield code="a">Etats-Unis d'Am&#xE9;rique</subfield>
  </datafield>
  <datafield tag="710" ind1=" " ind2=" ">
    <subfield code="9">6672</subfield>
    <subfield code="a">Union for Radical Political Economics (URPE)</subfield>
  </datafield>
  <datafield tag="801" ind1=" " ind2=" ">
    <subfield code="a">CH</subfield>
    <subfield code="b">CH-002049-8</subfield>
  </datafield>
  <datafield tag="955" ind1=" " ind2=" ">
    <subfield code="r">1972: vol. IV, n&#xB0;3 </subfield>
  </datafield>
  <datafield tag="995" ind1=" " ind2=" ">
    <subfield code="1">0</subfield>
    <subfield code="2">0</subfield>
    <subfield code="3">0</subfield>
    <subfield code="5">2022-03-30</subfield>
    <subfield code="9">3161</subfield>
    <subfield code="b">ARCHIC</subfield>
    <subfield code="c">ARCHIC</subfield>
    <subfield code="e">P&#xE9;riodiques</subfield>
    <subfield code="f">4112</subfield>
    <subfield code="h">MLF</subfield>
    <subfield code="k">P202</subfield>
    <subfield code="o">1</subfield>
  </datafield>
</record>
